| 000 | 01485cam a2200385 a 4500 | ||
|---|---|---|---|
| 999 |
_c23192 _d23192 |
||
| 001 | vtls009950388 | ||
| 005 | 20220421131059.0 | ||
| 008 | 160208s2009 xo ob g 000 0 slo | ||
| 020 | _a9788080464325 (brož.) | ||
| 035 | _aFC0B7AF6-33E2-4CCF-9BFA-80B95E15B8C2 | ||
| 035 | _aurn:nbn:sk:snk-amk922 | ||
| 035 | _aurn:nbn:sk:snk-am008csu | ||
| 040 |
_aPPPK _bslo _cPPPK _dSNK _eAACR2 |
||
| 041 | 1 |
_aslo _heng |
|
| 044 |
_axo _cSK |
||
| 072 | 7 |
_a94(100) _xSvetové dejiny _2konspekt |
|
| 080 |
_a94(100) _22001 |
||
| 080 |
_a(048.8) _22001 |
||
| 080 |
_a001.98 _22001 |
||
| 100 | 1 |
_aWeir, Stephen _92857 |
|
| 240 | 1 | 0 |
_aHistory's worst decisions _lSlovensky |
| 245 | 1 | 0 |
_aDejiny plné omylov _bnajhoršie rozhodnutia a tí, čo ich majú na svedomí _cStephen Weir ; [autor textov Zápoľského spojenectvo s Turkami, Požiadavka Hornouhorského slovenského okolia, Rozhodnutie Štefánika vrátiť sa do vlasti lietadlom: Ivan Mrva ; z anglického originálu preložila Elena Guričanová ; verše prebásnila Dana Guričanová] |
| 250 | _a1. vyd. | ||
| 260 |
_aBratislava _bPerfekt _c2009 |
||
| 300 |
_a264 s. _bfotogr., mapy _c23 cm |
||
| 650 | 0 | 7 |
_asvetové dejiny _2SNKPH _91591 |
| 650 | 0 | 7 |
_aomyly _2SNKPH _92858 |
| 655 | 7 |
_amonografie _2SNKPH _91661 |
|
| 700 | 1 |
_aMrva, Ivan, _d1954- _4aut _92859 |
|
| 700 | 1 |
_aGuričanová, Elena _4trl _92860 |
|
| 700 | 1 |
_aGuričanová, Dana _4trl _92861 |
|
| 958 | _aOND | ||
| 958 | _aOP | ||